Normal view MARC view
  • Parenting--Psychological Aspects

Entry Topical Term

Number of records used in: 1

001 - CONTROL NUMBER

  • control field: 111366

003 - CONTROL NUMBER IDENTIFIER

  • control field: NUST

005 - DATE AND TIME OF LATEST TRANSACTION

  • control field: 20230324114950.0

008 - FIXED-LENGTH DATA ELEMENTS

  • fixed length control field: 230324|| aca||aabn | a|a d

040 ## - CATALOGING SOURCE

  • Original cataloging agency: NUST
  • Transcribing agency: NUST

150 ## - HEADING--TOPICAL TERM

  • Topical term or geographic name entry element: Parenting--Psychological Aspects

670 ## - SOURCE DATA FOUND

  • Source citation: Work cat.: (NUST)594230: Naish, Sarah 111335, The A-Z of Therapeutic Parenting : , 2018.
© 2023 Central Library, National University of Sciences and Technology. All Rights Reserved.